000 nam a22 a 4500
999 _c46059
_d46059
003 BLK
005 20230404132114.0
008 180408b bul|||||r ||||||| ||bul||
010 _aKNG00049862000
020 _a954-8004-77-1
040 _aBLK
041 _aBUL
_cBUL
080 _aАнглийска литература
_b821.111
_x-312.4
_z821.111-312.4
100 1 _aЧейс, Джеймс Хадли
_eпърви автор
_9241644
139 _aЧейс, Джеймс Хадли
_bЧ 49
245 1 0 _aУдряй, където боли
_bКримин. роман
_cДжеймс Хадли Чейс; прев. от англ. Владимир Германов.
257 _aGBR
260 _aСофия
_bАбагар
_c1992
_fВ. Търново : Абагар
300 _a167 с.
_c20 см
380 _aX
490 _aБиблиотека Трилър
_9201908
500 _aОриг. загл. Hit Them Where It Hurts / James Hadley Chase. - Офс. изд.
653 _aкрими
700 1 _aГерманов, Владимир
_eпрев. от англ.
_9363432
852 _aЦб 172082
_bЦб
856 4 _qpdf
_i0.00
_ldisable
856 4 _qpdf
_i0.00
_ldisable
942 _cKNG
_n0
_01
_s1
944 _aCR
_c05.05.2005
_kЛюдмила_Стоянова
944 _aED
_c10.05.2005
999 _d46059